Statistiques concernant Les 100 pokémons deuxième génération en français

Cliquez ici pour prendre le quiz!

Statistiques générales

  • Ce quiz a été pris 8 436 fois
  • Le résultat moyen est 60 sur 100

Statistiques - réponses

HintRéponse% Correct
155Héricendre
95%
158Kaiminus
95%
152Germignon
94%
160Aligatueur
92%
157Typhlosion
92%
154Méganium
91%
156Feurisson
90%
249Lugia
90%
250Ho-oh
88%
153Macronium
87%
245Suicune
87%
244Entei
86%
243Raikou
84%
251Celebi
83%
159Crocodil
81%
163Hoothoot
80%
161Fouinette
78%
164Noarfang
78%
162Fouinar
77%
196Mentali
76%
197Noctali
76%
208Steelix
76%
172Pichu
73%
248Tyranocif
72%
239Élékid
71%
240Magby
71%
246Embrylex
70%
180Lainergie
69%
181Pharamp
69%
175Togepi
68%
241Écrémeuh
67%
173Mélo
67%
247Ymphect
67%
167Mimigal
66%
212Cizayox
65%
168Migalos
65%
174Toudoudou
65%
229Démolosse
63%
228Malosse
62%
169Nostenfer
62%
176Togetic
62%
179Wattouat
62%
201Zarbi
61%
230Hyporoi
60%
238Lippouti
60%
165Coxy
59%
166Coxyclaque
58%
237Kapoera
57%
185Simularbre
57%
236Débugant
56%
198Cornèbre
55%
200Feuforêve
55%
199Roigada
54%
221Cochignon
52%
220Marcacrin
52%
183Marill
52%
184Azumarill
51%
177Natu
51%
204Pomdepik
51%
214Scarhino
51%
178Xatu
51%
227Airmure
50%
189Cotovol
50%
182Joliflor
50%
205Forêtress
49%
242Leuphorie
49%
186Tarpaud
49%
194Axoloto
48%
232Donphan
48%
188Floravol
48%
215Farfuret
47%
187Granivol
47%
195Maraiste
47%
231Phanpy
47%
217Ursaring
47%
234Cerfrousse
46%
203Girafarig
46%
192Héliatronc
46%
223Rémoraid
46%
226Démanta
45%
206Insolourdo
45%
216Teddiursa
45%
170Loupio
44%
202Qulbutoké
44%
191Tournegrin
44%
171Lanturn
43%
224Octillery
43%
225Cadoizo
42%
218Limagma
42%
209Snubull
42%
210Granbull
41%
233Porygon2
41%
219Volcaropod
41%
211Qwilfish
39%
207Scorplane
39%
235Queulorior
38%
190Capumain
37%
193Yanma
37%
213Caratroc
36%
222Corayon
35%

Distribution des résultats

Percentile par nombre de réponses

% des personnes avec chaque résultat

Votre développement - résultats

Vous n’avez pas pris ce quiz